000 00740nam a2200253 i 4500
001 bg
100 1 _aDICKENS, Charles
_d(1812-1870)
245 1 0 _aOliver Twist /
_cCharles Dickens ; notes Shay Daly.
250 _a3rd impr.
260 _aHarlow :
_bLongman :
_bPearson Education,
_c2001.
300 _aIII, 542 s. ;
_c21 cm.
490 1 _aNew Century Readers
650 9 _aPowieść angielska
_y19 w.
700 1 _aDALY, Shay
830 _aNew Century Readers
020 _a0582429447
040 _cBPK
041 0 _aeng
080 _a821.111-3
920 _a0-582-42944-7
942 _cKS
008 s pl f |000 0 pol
999 _c52045
_d52045
856 _uhttp://koha.tu.koszalin.pl/cgi-bin/koha/opac-detail.pl?biblionumber=52045
_yKatalog online BPK